| 000 | 00642nam a2200205Ia 4500 | ||
|---|---|---|---|
| 008 | 140321s9999 xx 000 0 und d | ||
| 020 | _a9780240818757 | ||
| 050 |
_aTR 860 _b.B56 2013 |
||
| 100 | _aBlock, Bruce | ||
| 245 |
_a3D storytelling : _bhow stereoscopic 3D works and how to use it / _cBruce Block and Philip Captain 3D McNally. |
||
| 260 |
_aUnited Kingdom : _bFocal Press, _cc2013. |
||
| 300 |
_a228 p. : _bill. (some col.) ; _c24 cm. |
||
| 500 | _aIncludes index. | ||
| 521 | _aMA | ||
| 650 | _a3-D films. | ||
| 650 | _aDigital cinematogrophy. | ||
| 650 | _aPhotography, Stereoscopic. | ||
| 942 |
_kFOR _cBK |
||
| 999 |
_c48664 _d48664 |
||